[Event "Basses Vallees Angevines op 4th"]
[Site "Cantenay Epinard"]
[Date "2015.12.19"]
[Round "1"]
[White "Bouleau, Henry"]
[Black "Voisine, Mathieu"]
[Result "0-1"]
[WhiteElo "1330"]
[BlackElo "1148"]
[PlyCount "48"]
[EventDate "2015.12.19"]
[EventType "swiss"]
[EventRounds "5"]
[EventCountry "FRA"]
[SourceTitle "EXT 2019"]
[Source "ChessBase"]
[SourceDate "2018.10.10"]
[SourceVersion "1"]
[SourceVersionDate "2018.10.10"]
[SourceQuality "1"]

1. d4 d5 2. c4 c6 3. Nc3 Nf6 4. e3 Bf5 5. Nf3 e6 6. cxd5 cxd5 7. Bd3 Bxd3 8. Qxd3 Bb4 9. 0-0 0-0 10. Bd2 Nc6 11. a3 Ba5 12. Rfe1 Rc8 13. Rac1 Re8 14. Re2 e5 15. dxe5 Nxe5 16. Nxe5 Rxe5 17. b4 Bb6 18. h3 d4 19. exd4 Bxd4 20. Rxe5 Bxf2+ 21. Kxf2 Qxd3 22. Be1 Qd4+ 23. Kf3 Qxe5 24. Ne2 Rxc1 0-1

[Event "Basses Vallees Angevines op 4th"]
[Site "Cantenay Epinard"]
[Date "2015.12.19"]
[Round "2"]
[White "Voisine, Mathieu"]
[Black "Gascoin, Dominique"]
[Result "0-1"]
[WhiteElo "1148"]
[BlackElo "1370"]
[PlyCount "116"]
[EventDate "2015.12.19"]
[EventType "swiss"]
[EventRounds "5"]
[EventCountry "FRA"]
[SourceTitle "EXT 2019"]
[Source "ChessBase"]
[SourceDate "2018.10.10"]
[SourceVersion "1"]
[SourceVersionDate "2018.10.10"]
[SourceQuality "1"]

1. e4 c5 2. c4 Nc6 3. Nf3 d6 4. d3 g6 5. Be2 Bg7 6. Nc3 Nf6 7. Rb1 0-0 8. 0-0 b6 9. a3 Bb7 10. b4 Qc7 11. Bf4 Nh5 12. Be3 Bxc3 13. d4 cxd4 14. Nxd4 Nf6 15. Qd3 Bxd4 16. Bxd4 Nxd4 17. Qxd4 Nxe4 18. Bf3 Ng5 19. Bxb7 Qxb7 20. Rfe1 Ne6 21. Qd5 Rab8 22. Qb5 Rfc8 23. a4 a6 24. Qd5 b5 25. axb5 axb5 26. Qxb7 Rxb7 27. cxb5 Rxb5 28. f3 Rc4 29. Re4 Rxe4 30. fxe4 Ng5 31. e5 dxe5 32. Kf2 Ne6 33. Ke3 Nf4 34. Ke4 f5+ 35. Ke3 Nxg2+ 36. Kd3 Nf4+ 37. Kc4 Rb8 38. Re1 e4 39. Re3 e5 40. b5 Ne6 41. Rb3 Nd4 42. Rb2 Nxb5 43. Rxb5 Rxb5 44. Kxb5 Kf7 45. Kc4 Ke6 46. Kc3 Kd5 47. Kd2 Kd4 48. Ke2 g5 49. h3 h5 50. Kf2 Kd3 51. Ke1 Ke3 52. Kf1 Kd2 53. Kf2 e3+ 54. Kf3 e2 55. h4 g4+ 56. Kg3 e1Q+ 57. Kh2 g3+ 58. Kg2 Qf2+ 0-1